Verejne dostupné finančné a nefinančné informácie obchodných spoločností a s tým spojené povinnosti podľa právnych úprav

Základné osobité povinnosti jednotlivých typov účtocných jednotiek pri zostavovaní, schvaľovaní a zverejňovaní finančných a nefinančných informácií o obchodných spoločnostiach a to nielen z pohľadu Obchodného zákonníka.

Salvato in:
Dettagli Bibliografici
Autore principale: Pakšiová, Renáta, 1974-
Natura: Capitolo di libro
Lingua:slovacco
Soggetti:
Tags: Aggiungi Tag
Nessun Tag, puoi essere il primo ad aggiungerne!!

MARC

LEADER 00000naa a2200000 4500
001 0259533
005 20240502074115.2
041 0 |a slo 
044 |a SK 
245 1 0 |a Verejne dostupné finančné a nefinančné informácie obchodných spoločností a s tým spojené povinnosti podľa právnych úprav  |c Renáta Pakšiová 
520 |a Základné osobité povinnosti jednotlivých typov účtocných jednotiek pri zostavovaní, schvaľovaní a zverejňovaní finančných a nefinančných informácií o obchodných spoločnostiach a to nielen z pohľadu Obchodného zákonníka. 
610 2 0 |a jednotka účtovná 
610 2 0 |a informácie účtovné 
610 2 0 |a situácia finančná podniku 
610 2 0 |a spoločnosti obchodné 
610 2 0 |a zákonník obchodný 
610 2 0 |a komunikácia externá 
100 1 |a Pakšiová, Renáta, 1974-